000 03915nam0a2200481 4500
001 RU\NLR\bibl\1345867
005 20260408070708.0
010 _a978-5-7444-2067
_9200
021 _aRU
_b2009-4647
_9262
035 _a(nilc)RSL-KNO-004239733
035 _a(NLR Aleph) 001330994
090 _a800248
_c800248
100 _a20090225d2008 |||y0rusy50 ca
101 0 _arus
102 _aRU
105 _ay||||||||||||
200 1 _aСоциальная сфера Приморья
_eсостояние и оценка жителями края
_e[результаты социологического исследования, проводимого в рамках проекта МИОН "Будущее России: взгляд из центра и регионов"
_fЕ.В. Васильева - к.ист.н., Г.Г. Ермак - к.ист.н., доц., С.В. Корнилова - к.социол.н., доц. и др.]
_gМ-во образования и науки Рос. Федерации, "ИНОЦЕНТР (Информация. Наука. Образование)" [и др.]
210 _aВладивосток
_cИзд-во Дальневосточного университета
_d2008
215 _a227 с.
_cил., табл.
_d21
225 1 _aМежрегиональные исследования в общественных науках
_eМИОН
300 _aВ надзаг. также: Ин-т им. Кенната Центра Вудро Вильсона (США), Корпорация Карнеги в Нью-Йорке (США), Фонд Джона Д. и Кэтрин Т. МакАртуров (США)
300 _aАвт. указаны в содерж.
606 1 _aСоциальная сфера
_yПриморский край
_92566794
_3RU\NLR\auth\661518058
606 1 _aОбраз жизни
_xСоциологические исследования
_91722613
_3RU\NLR\auth\66768864
610 0 _aЭкономика -- Российская Федерация -- Приморский край -- Благосостояние населения -- Социальная политика
610 0 _aСоциология -- Социальные институты -- Социология вопросов образа жизни, быта и потребления. Социальное благосостояние -- Социология образа жизни, быта и потребления -- Методы, методика, техника и процедуры социологического исследования. Аппарат социологического исследования -- Методы и процедура анализа, обработки, интерпретации и обобщения социологической информации (данных)
686 _aУ9(2Р-4Пр)0-94-18,0
_2rubbk
686 _aС556.47в63,0
_2rubbk
686 _aУ49(2Р-4Пр)
686 _aС550.47
701 1 _4070
_8rus
_7ca
_aВасильева
_bЕ. В.
_cканд. ист. наук
_gЕлена Владимировна
_3RU\NLR\auth\7780244
_963172
701 1 _4070
_7ca
_8rus
_aЕрмак
_bГ. Г.
_f1963-
_gГалина Геннадьевна
_9237436
_3RU\NLR\AUTH\770237492
701 1 _aКорнилова
_bС. В.
_gСветлана Васильевна
_4070
712 0 2 _4570
_a"ИНО-Центр (Информация. Наука. Образование)", автономная некоммерческая организация
_cМосква
_3RU\NLR\AUTH\8810044940
_9589306
801 0 _aRU
_bРКП
_c20090225
_grcr
801 1 _aRU
_bРГБ
_c20090225
801 2 _aRU
_bNLR
_c20090325
_grcr
830 _aавт. раскрыты по кн.
942 _cBOOK
980 _aNB
980 _aSUPPRESS